| 000 | 00612nam a22001817a 4500 | ||
|---|---|---|---|
| 005 | 20140305152013.0 | ||
| 010 | _aB-520752-754 | ||
| 020 |
_a9788182526358 _c379.00 |
||
| 035 | _aB-520752-754 | ||
| 037 |
_bBBB/Ven _adpl |
||
| 082 | _aS | ||
| 245 | _aIllustrated Tales From Shakespeare / | ||
| 260 |
_aMumbai _bWilco Publishing House _c2012 |
||
| 270 |
_bMumbai _k(91-22) 22041420 / 22842574 _l(91-22) 22041429 _mwilco@vsnl.com |
||
| 300 |
_avarious pages. : _bcol.ill. _c24cm(pbk) |
||
| 942 |
_2ddc _cCH _hS _mSHA |
||
| 999 |
_c79402 _d79402 |
||